000 00477nam a2200193Ia 4500
001 29470
003 IN-NITTTR
005 20251114233402.0
008 251113s9999||||xx |||||||||||||| ||eng||
040 _beng
040 _cIN-NITTTR
041 _aeng
082 _a006.78 S24P
100 _aSuehring, Steve
245 0 _aPHP 6 and MySQL 6 bible /
_cSuehring, Steve, Converse, Tim, Park, Joyce
700 _a Converse, Tim
700 _a Park, Joyce
942 _2ddc
_cBK
999 _c32098
_d32098